| 000 | 00585nam a2200193Ia 4500 | ||
|---|---|---|---|
| 003 | IN-BaIIA | ||
| 008 | 211028s9999 xx 000 0 eng d | ||
| 040 | _cIIA Library | ||
| 080 |
_a621.3 _bMOR |
||
| 100 |
_aMorrison, Ralph _97157 |
||
| 245 | 0 |
_aGrounding and shielding techniques in instrumentation _cRalph Morrison |
|
| 260 |
_aNew York _bJohn Wiley & Sons _c1967 |
||
| 300 | _axv, 144p. | ||
| 650 | _aAstronomy and astrophysics thesaurus | ||
| 650 |
_aElectrical engineering _91774 |
||
| 650 |
_aElectrostatic shield _97158 |
||
| 650 |
_aShielding techniques _97159 |
||
| 942 | _cBK | ||
| 999 |
_c4060 _d4060 |
||